书目信息 |
| 题名: |
大学英语专业八级测试训练
|
|
| 作者: | 胡向华 , 徐正华 编 | |
| 分册: | ||
| 出版信息: | 天津 天津大学出版社 1995.08 |
|
| 页数: | 337页 | |
| 开本: | 32开 | |
| 丛书名: | ||
| 单 册: | ||
| 中图分类: | H310.42 | |
| 科图分类: | ||
| 主题词: | 英语 | |
| 电子资源: | ||
| ISBN: | 7-5618-0773-2 | |
| 000 | 00615nam0 2200205 45 | |
| 001 | 0010191596 | |
| 005 | 20001019151025.5 | |
| 010 | @a7-5618-0773-2@d14.00元 | |
| 100 | @a20001019d1995 km y0chiy0120 ea | |
| 101 | 0 | @achi |
| 105 | @a z 000yy | |
| 200 | 1 | @a大学英语专业八级测试训练@ADa Xue Ying Yu Zhuan Ye Ba Ji Ce Shi Xun Lian@f胡向华,徐正华编@FHu Xiang Hua,Xu Zheng Hua Bian |
| 210 | @a天津@c天津大学出版社@d1995.08 | |
| 215 | @a337页@d32开 | |
| 606 | 0 | @a英语 |
| 690 | @aH310.42@v3 | |
| 701 | 0 | @a胡向华@4编 |
| 701 | 0 | @a徐正华@4编 |
| 801 | @aCN@bPftUser@c20001019 | |
| 905 | @b65067-071@dH310.42@eH334@f5 | |
| 大学英语专业八级测试训练/胡向华,徐正华编.-天津:天津大学出版社,1995.08 |
| 337页;32开 |
| ISBN 7-5618-0773-2:14.00元 |
| ● |
| 相关链接 |
|
|
|
正题名:大学英语专业八级测试训练
索取号:H310.42/H334
 
预约/预借
| 序号 | 登录号 | 条形码 | 馆藏地/架位号 | 状态 | 备注 |
| 1 | 65067 | 200650679 | 语言库209/209语言库 96排3列1层/ [索取号:H310.42/H334] | 在馆 | |
| 2 | 65068 | 200650688 | 语言库209/209语言库 96排3列1层/ [索取号:H310.42/H334] | 在馆 | |
| 3 | 65069 | 200650697 | 语言库209/209语言库 96排3列1层/ [索取号:H310.42/H334] | 在馆 | |
| 4 | 65070 | 200650704 | 语言库209/209语言库 96排3列1层/ [索取号:H310.42/H334] | 在馆 | |
| 5 | 65071 | 200650713 | 语言库209/209语言库 96排3列1层/ [索取号:H310.42/H334] | 在馆 |